Żeńskie Imiona na literę C - Statystyki

Ogólne statystyki
  • Ten quiz został rozwiązany 464 razy
  • Średni wynik to 3 z 6
Statystyki odpowiedzi
Imiona % Poprawnych
Celina
93%
Czesława
88%
Cecylia
82%
Celestyna
20%
Cezaria
14%
Ciechosława
5%
Nie znaleziono quizów pasujących do podanych kryteriów
Rozkład punktacji
Procent ludzi z każdym wynikiem
Percentyl według liczby udzielonych odpowiedzi
Twoja historia wyników
Nie rozwiązałeś tego quizu